| 000 | 00358 a2200109 4500 | ||
|---|---|---|---|
| 001 | 56019 | ||
| 082 | _a532.05 KES | ||
| 090 |
_c34680 _d34680 |
||
| 100 | _aKeshtiban, I J; Belblidia; Webster, M F | ||
| 245 |
_aLow Reynolds number unsteady aerodynamics 2 vol. set _bcollection of research papers presented by Prof Ali Naqvi |
||
| 260 |
_aRisalpur _bAero _c2005 |
||
| 942 |
_aNUST-CAE _k532.05 KES |
||
| 999 |
_c291092 _d291092 |
||